Digitalisation in construction (Record no. 121604)
[ view plain ]
| 000 -LEADER | |
|---|---|
| fixed length control field | 01464nam a22002657a 4500 |
| 008 - FIXED-LENGTH DATA ELEMENTS--GENERAL INFORMATION | |
| fixed length control field | 230717s2023 xxk|||||o|||| 00| 0 eng d |
| 020 ## - INTERNATIONAL STANDARD BOOK NUMBER | |
| ISBN | 9781783215003 |
| 041 ## - LANGUAGE CODE | |
| Language code of text/sound track or separate title | eng |
| 100 ## - MAIN ENTRY--PERSONAL NAME | |
| Personal author | Sawhney, Anil |
| 110 ## - MAIN ENTRY--CORPORATE NAME | |
| Corporate author | Royal Institution of Chartered Surveyors |
| 245 ## - TITLE STATEMENT | |
| Title | Digitalisation in construction |
| Subtitle | report 2023 |
| Medium | [Electronic resource] |
| 260 ## - PUBLICATION INFORMATION | |
| Place of publication | London, |
| Publisher | Royal Institution of Chartered Surveyors, |
| Date | June 2023 |
| 490 ## - SERIES TITLE | |
| Series statement | RICS Research |
| 520 ## - ABSTRACT | |
| Abstract | RICS is committed to supporting members as they develop the skills to leverage the opportunities presented by digitalisation, and to help them guide clients in navigating its potential risks. Against the era-defining backdrop of climate change, this report makes a significant addition to our shared understanding. Now in its second iteration, this annual report uses data derived from the quarterly RICS Global Construction Monitor (GCM) to provide a vital benchmark of trends driving digital adoption, as well as a glimpse at what is to come |
| 650 ## - KEYWORDS | |
| Keywords | Quantity Surveying |
| 650 ## - KEYWORDS | |
| Keywords | Digitisation |
| 650 ## - KEYWORDS | |
| Keywords | Digitalisation |
| 651 ## - SUBJECT ADDED ENTRY--GEOGRAPHIC NAME | |
| Geographic name | International |
| 690 ## - BROAD SUBJECT | |
| 9 (RLIN) | 6230 |
| Broad subject | Construction management |
| 700 ## - ADDED PERSONAL NAME | |
| Added personal author | Sawhney, Anil |
| 700 ## - ADDED PERSONAL NAME | |
| Added personal author | Knight, Andrew |
| 710 ## - ADDED CORPORATE NAME | |
| Added corporate author | Royal Institution of Chartered Surveyors |
| 856 ## - ONLINE RESOURCE | |
| Uniform Resource Identifier | <a href="https://www.rics.org/content/dam/ricsglobal/documents/research/Digitalisation%20in%20construction%202023_final.pdf">https://www.rics.org/content/dam/ricsglobal/documents/research/Digitalisation%20in%20construction%202023_final.pdf</a> |
| Public note | Available free on RICS.org |
| 942 ## - ADDED ENTRY ELEMENTS (KOHA) | |
| Suppress in OPAC | Do not suppress in OPAC |
| Lost status | Damaged status | Not for loan | Current library | Shelving location | Date acquired | Total Checkouts | Full call number | Date last seen | Price effective from | Koha item type |
|---|---|---|---|---|---|---|---|---|---|---|
| Virtual | Online | 17/07/2023 | ONLINE PUBLICATION | 17/07/2023 | 17/07/2023 | Online material |